Barraganas y concubinas en la España medieval / (Record no. 179588)

MARC details
000 -LEADER
campo de control de longitud fija 01050nam a2200301 i 4500
001 - NÚMERO DE CONTROL
campo de control 179588
003 - IDENTIFICADOR DE NÚMERO DE CONTROL
campo de control ES-MaACL
005 - FECHA Y HORA DE LA ÚLTIMA TRANSACCIÓN
campo de control 20240317063007.0
008 - DATOS DE LONGITUD FIJA--INFORMACIÓN GENERAL
campo de control de longitud fija 111223s2010 sp |||| | spa d
017 ## - NÚMERO DE COPYRIGHT O DE DEPÓSITO LEGAL
Número de copyright o de depósito legal SE 4951-2010
Agencia que asigna Oficina Depósito Legal Sevilla
020 ## - NÚMERO INTERNACIONAL ESTÁNDAR DEL LIBRO
Número Internacional Estándar del Libro 9788496980884
040 ## - FUENTE DE CATALOGACIÓN
Centro/agencia transcriptor ES-MaACL
080 ## - NÚMERO DE LA CLASIFICACIÓN DECIMAL UNIVERSAL
Número de la Clasificación Decimal Universal 347.628.42(460)"04/14"
080 ## - NÚMERO DE LA CLASIFICACIÓN DECIMAL UNIVERSAL
Número de la Clasificación Decimal Universal 392.62(460)"04/14"
100 1# - ENTRADA PRINCIPAL--NOMBRE DE PERSONA
Nombre de persona Arias Bautista, María Teresa
9 (RLIN) 146469
Término indicativo de función/relación Autor
245 10 - MENCIÓN DEL TÍTULO
Título Barraganas y concubinas en la España medieval /
Mención de responsabilidad, etc. María Teresa Arias Bautista.
260 ## - PUBLICACIÓN, DISTRIBUCIÓN, ETC.
Lugar de publicación, distribución, etc. Sevilla :
Nombre del editor, distribuidor, etc. ArCiBel,
Fecha de publicación, distribución, etc. [2010]
300 ## - DESCRIPCIÓN FÍSICA
Extensión 158 páginas ;
Dimensiones 21 cm.
490 1# - MENCIÓN DE SERIE
Mención de serie Escritoras y escrituras
504 ## - NOTA DE BIBLIOGRAFÍA, ETC.
Nota de bibliografía, etc. Bibliografía: páginas 149-158
650 #4 - PUNTO DE ACCESO ADICIONAL DE MATERIA--TÉRMINO DE MATERIA
Término de materia o nombre geográfico como elemento de entrada Concubinato-
Subdivisión geográfica España-
Subdivisión de forma Historia.
9 (RLIN) 167770
650 #4 - PUNTO DE ACCESO ADICIONAL DE MATERIA--TÉRMINO DE MATERIA
Término de materia o nombre geográfico como elemento de entrada Adulterio-
Subdivisión geográfica España-
Subdivisión de forma Historia.
9 (RLIN) 167771
830 0# - PUNTO DE ACCESO ADICIONAL DE SERIE-TÍTULO UNIFORME
Título uniforme Escritoras y escrituras
9 (RLIN) 224504
852 ## - LOCALIZACIÓN
Ubicación ES-MaACL
Sublocalización o colección R.146798
Ubicación en estantería Depósito 1
Signatura antigua Olim: N-4821
Número de control de estantería A-11816
itemnumber 186485
942 ## - ELEMENTOS DE ENTRADA SECUNDARIOS (KOHA)
Tipo de ítem Koha Libro impreso
Suprimir en OPAC No
Holdings
Estatus retirado Estado de pérdida Fuente del sistema de clasificación o colocación Estado de daño No para préstamo Biblioteca de origen Biblioteca actual Ubicación en estantería Fecha de adquisición Fuente de adquisición Número de control de estantería Total de préstamos Signatura topográfica completa Código de barras Visto por última vez Tipo de ítem Koha
    Clasificación decimal universal     Biblioteca del Ateneo de Madrid Biblioteca del Ateneo de Madrid Depósito 1 23/12/2011 Donación Ateneísta   A-11816 1188662 23/02/2023 Libro impreso